Cyber crime : (Record no. 67981)

MARC details
000 -LEADER
fixed length control field 00419nam a22001337a 4500
005 - DATE AND TIME OF LATEST TRANSACTION
control field 20180723152943.0
020 ## - INTERNATIONAL STANDARD BOOK NUMBER
International Standard Book Number 8178813424
Terms of availability Rs.300.00 (pbk)
035 ## - SYSTEM CONTROL NUMBER
System control number B-181676, B-181678, B-181675
037 ## - SOURCE OF ACQUISITION
Stock number DPL
Source of stock number/acquisition ENG
245 ## - TITLE STATEMENT
Title Cyber crime :
Remainder of title Combat strategies /
Statement of responsibility, etc edited by R S Prasad
260 ## - PUBLICATION, DISTRIBUTION, ETC. (IMPRINT)
Place of publication, distribution, etc New Delhi
Name of publisher, distributor, etc ICFAI University Press
Date of publication, distribution, etc 2004
300 ## - PHYSICAL DESCRIPTION
Extent 203p.
Dimensions 20 cms.
942 ## - ADDED ENTRY ELEMENTS (KOHA)
Source of classification or shelving scheme Dewey Decimal Classification
Item type English Books
Classification part 364.168
Call number suffix CYB
Holdings
Withdrawn status Lost status Not for loan Collection code Home library Current library Date acquired Cost, normal purchase price Full call number Barcode Cost, replacement price Koha item type Source of acquisition
      Non-fiction Patel Nagar Patel Nagar 23/07/2018 300.00 364.168 CYB B-181675 300.00 English Books BPPD/PUB
      Non-fiction Sarojini Nagar Sarojini Nagar 15/06/2012 300.00 364.168 CYB B-181676 300.00 English Books  
      Non-fiction Shahdara Branch Shahdara Branch 31/05/2018 300.00 364.168 CYB B-181678 300.00 English Books BPPD/PUB

© Delhi Public Library
Hit Counter
free hit counter